Представление документа в формате RUSMARC

ПолеНазваниеЗначение
  Тип записи a
  Библиографический уровень a
001 Контрольный номер RU/CBS_UL/BASE/fdbc98a34f234fbfbbd5e148ea870c43
005 Дата корректировки 20250228152541.4
100 Данные общей обработки __
a Данные общей обработки 20250228 ||| 0rusy0189 ca
101 Язык документа 0_
a Язык текста rus
102 Страна публикации __
a Страна публикации RU
200 Заглавие и сведения об ответственности 1_
a Заглавие Штирлиц и Юлиан
e Сведения, относящиеся к заглавию [советский писатель Ю. Семёнов]
f Первые сведения об ответственности Д. Митюрин
300 Общие примечания __
a Общие примечания 16+
461 Уровень набора _0
1 2000
a Тайны СССР
463 Уровень физической единицы _0
1 2000
a № 2
v С. 26-28 : фото
1 2101
d 2025
1 001RU/CBS_UL/BASE/7198d265480c4491afc433d7d507bfb0
600 Персоналии _1
a Персоналии (Фамилия) Семёнов
b Персоналии (Имя, инициалы) Ю. С.
606 Тематические рубрики 0_
a Основная рубрика Семёнов, Юлиан Семёнович (1931-1993) - Книги о Штирлице
610 Ключевые слова 0_
a Ключевые слова писатели
610 Ключевые слова 0_
a Ключевые слова советские писатели
610 Ключевые слова 0_
a Ключевые слова писатели советские
610 Ключевые слова 0_
a Ключевые слова Штирлициада
610 Ключевые слова 0_
a Ключевые слова литературные герои
610 Ключевые слова 0_
a Ключевые слова герои литературные
610 Ключевые слова 0_
a Ключевые слова литературные персонажи
610 Ключевые слова 0_
a Ключевые слова персонажи литературные
610 Ключевые слова 0_
a Ключевые слова прототипы литературных героев
610 Ключевые слова 0_
a Ключевые слова прототипы литературных персонажей
610 Ключевые слова 0_
a Ключевые слова книги о Штирлице
610 Ключевые слова 0_
a Ключевые слова книги о разведчиках
610 Ключевые слова 0_
a Ключевые слова фильмы о Штирлице
686 Индексы других классификаций __
2 Код системы rubbk
a Классификационный индекс 83.3(2Рос=Рус)6
700 Автор _1
a Фамилия Митюрин
b Имя (инициалы) Д.
801 Источник записи _0
a Страна RU
b Организация МБУК ЦБС г. Ульяновска
c Дата составления 20250228
g Правила каталогизации RCR
801 Источник записи _1
a Страна RU
b Организация МБУК ЦБС г. Ульяновска
c Дата составления 20250228
g Правила каталогизации RCR
901 Тип документа __
t Тип документа b
w Контрольный № источника RU/CBS_UL/BASE/7198d265480c4491afc433d7d507bfb0
909 Создатель записи __
a Создатель записи lib2